La Fraternidad Teológica Latinoamericana : (Registro nro. 51429)
[ vista simple ]
| 000 -LÍDER | |
|---|---|
| Campo fijo de descripción fija | 01120aab a2200205 i 4500 |
| 001 - NÚMERO DE CONTROL | |
| Campo de control | 768714001 |
| 003 - IDENTIFICADOR DEL NÚMERO DE CONTROL | |
| Campo de control | CO-MdFUSB |
| 005 - FECHA Y HORA DE LA ULTIMA TRANSACCIÓN | |
| control field | 20240422100103.0 |
| 008 - ELEMENTOS DE LONGITUD FIJA -- INFORMACIÓN GENERAL | |
| Campo fijo de descripción fija -- Información general | 240417t1983 ag ||||| |||| 00| 0 spa d |
| 040 ## - FUENTE DE CATALOGACIÓN | |
| Idioma de catalogación | spa |
| Agencia que realiza la transcripción | CO-MdFUSB |
| 041 ## - CÓDIGO DE IDIOMA | |
| Código de idioma para texto/pista de sonido o título separado | spa |
| 100 1# - ASIENTO PRINCIPAL--NOMBRE PERSONAL | |
| Nombre personal | Padilla, C. René |
| Término relacionador | autor |
| 245 13 - TÍTULO | |
| Título | La Fraternidad Teológica Latinoamericana : |
| Subtitulo | Una evaluación crítica |
| Mención de responsabilidad | / C. René Padilla |
| 300 ## - DESCRIPCIÓN FÍSICA | |
| Extensión | Volumen 2, número 4, (diciembre, 1983), páginas: 28 - 30 |
| Dimensiones | ; 27 cm |
| 520 ## - NOTA DE RESUMEN, ETC. | |
| Nota de sumario, etc. | Este es un trabajo valioso para sistematizar el pensamiento FTL. La clasifica en tres categorías: (1) teología bíblica; (2) la vida y misión de la iglesia y (3) el cuidado pastoral. Sin embargo, al autor le interesa mostrar que la peregrinación teológica del movimiento condujo al desarrollo de su estructura gestalt o misionológica, donde cada aspecto de la reflexión está en armonía con el todo. |
| 650 #7 - ASIENTO SECUNDARIO DE MATERIA - TERMINO TEMÁTICO | |
| Término temático o nombre geográfico como elemento de entrada | Teología bíblica |
| 9 (RLIN) | 320 |
| 653 ## - TÉRMINO DE INDIZACIÓN - NO CONTROLADO | |
| Término no controlado | Ministerio - enseñanza bíblica |
| 773 0# - ASIENTO DE ITEM FUENTE | |
| Título | Iglesia y Misión |
| Biblionumber | 49402 |
| Itemnumber | 59626 |
| Parte(s) relacionada(s) / Volumen., número. (mes año), páginas | Volumen 2, número 4, (diciembre, 1983), páginas: 28 - 30 |
| Enumeración y primera página | página: 28 |
| 942 ## - TIPO DE MATERIAL (KOHA) | |
| Tipo de Item KOHA | Artículos de Revista |
No hay ítems disponibles.
